Normal view
MARC view
- SOFTWARE RADIO, CELLULAR TELEPHONE SYSTEMS, GLOBAL SYSTEM FOR MOBILE COMMUNICATION
Entry Topical Term
001 - CONTROL NUMBER
- control field: 63616
003 - CONTROL NUMBER IDENTIFIER
- control field: NUST
005 - DATE AND TIME OF LATEST TRANSACTION
- control field: 20210628203138.0
008 - FIXED-LENGTH DATA ELEMENTS
- fixed length control field: 210628|| aca||aabn | a|a d
040 ## - CATALOGING SOURCE
- Original cataloging agency: NUST
- Transcribing agency: NUST
150 ## - HEADING--TOPICAL TERM
- Topical term or geographic name entry element: SOFTWARE RADIO, CELLULAR TELEPHONE SYSTEMS, GLOBAL SYSTEM FOR MOBILE COMMUNICATION
670 ## - SOURCE DATA FOUND
- Source citation: Work cat.: (NUST): Burns, Paul 63615, Software defined radio for 3g, 2002
